10 Most Populous Cities in Connecticut - Statistics

General Stats
  • This quiz has been taken 32 times
  • The average score is 7 of 10
Answer Stats
Population City % Correct
137,173 New Haven
100%
148,131 Bridgeport
90%
119,626 Hartford
90%
136,480 Stamford
71%
92,980 Norwalk
62%
86,254 Danbury
57%
115,360 Waterbury
57%
74,521 New Britain
48%
64,196 West Hartford
48%
61,892 Bristol
43%
No matching quizzes found
Score Distribution
Percent of People with Each Score
Percentile by Number Answered
Your Score History
You have not taken this quiz